000 00649nam a2200217Ia 4500
003 GCL
008 140319s9999 xx 000 0 ara d
040 _aGCL /
_cGCL
082 0 4 _a928.1
_bت و
100 1 _aتوفيق الحكيم
245 1 0 _aوثائق فى طريق عودة الوعى /
_cتوفيق الحكيم
300 _a118 ص
490 _a
650 0 4 _aتوفيق الحكيم
650 0 4 _aالاشتراكية
650 0 4 _aالتراجم الذاتية
650 0 4 _aالوعى الاجتماعى
650 0 4 _aالادب العربى - تاريخ ونقد
650 0 4 _aجمال عبدالناصر
942 _2ddc
_cBK
999 _c46082
_d46082